Soft skills : (Record no. 42552)

MARC details
000 -LEADER
fixed length control field 00695nam a22001937a 4500
005 - DATE AND TIME OF LATEST TRANSACTION
control field 2010081904284.0
010 ## - LCCN (DPL NO)
LC control number ENG-100916
020 ## - INTERNATIONAL STANDARD BOOK NUMBER
International Standard Book Number 9788131722206
Terms of availability 175.00
035 ## - SYSTEM CONTROL NUMBER
System control number EN-84449
037 ## - SOURCE OF ACQUISITION
Source of stock number/acquisition DBAD/PUB
082 ## - DEWEY DECIMAL CLASSIFICATION NUMBER
Classification number 650.13
100 ## - MAIN ENTRY--PERSONAL NAME
Personal name Verma, Shalini
245 ## - TITLE STATEMENT
Title Soft skills :
Remainder of title for the BPO sector /
Statement of responsibility, etc by Shalini Verma
260 ## - PUBLICATION, DISTRIBUTION, ETC. (IMPRINT)
Place of publication, distribution, etc New Delhi
Name of publisher, distributor, etc Pearson
Date of publication, distribution, etc 2009
270 ## - ADDRESS
Address 14 Local Shopping Centre, Panchsheel Park
City New Delhi
Postal code 110017
300 ## - PHYSICAL DESCRIPTION
Extent xii,247p.:
Other physical details ill.
Dimensions 19cm (pbk)
942 ## - ADDED ENTRY ELEMENTS (KOHA)
Source of classification or shelving scheme Dewey Decimal Classification
Item type English Books
Classification part 650.13
Call number suffix VER
Holdings
Withdrawn status Lost status Not for loan Collection code Home library Current library Date acquired Source of acquisition Cost, normal purchase price Full call number Barcode Copy number Cost, replacement price Koha item type
    Not For Loan Non-fiction D.B.Act.Division D.B.Act.Division 19/08/2010 DBAD/PUB 175.00 650.13 VER EN-84449 1 175.00 English Books

© Delhi Public Library
Hit Counter
free hit counter